| 000 | 01941nam a2200409 c 4500 | ||
|---|---|---|---|
| 003 | BLK | ||
| 005 | 20200305173057.0 | ||
| 008 | 180413b bul|||||r ||||||| ||bul|| | ||
| 010 | _aKNG00029562000 | ||
| 020 |
_a954-90571-1-9 _bиздат.: Инвестпрес |
||
| 040 | _aBLK | ||
| 041 |
_aBUL _cBUL |
||
| 080 |
_aВътрешна политика. Вж и 329 _b323 _x(470)(092) _z323(470)(092) |
||
| 080 |
_aПолитика. Вж и 341 ; 342 _b32 _x(470)(092) _z32(470)(092) |
||
| 080 |
_aРуски президент _b929 Елцин, Борис Николаевич _x _z929 Елцин, Борис Николаевич |
||
| 100 | 1 |
_aАндриянов, Виктор Иванович _eпърви автор _932476 |
|
| 700 | 1 |
_aЧерняк, Александър Викентиевич _eсъавт. _9269048 |
|
| 700 | 1 |
_aТоушек, Буря _eпрев. от рус. _9130823 |
|
| 139 |
_aАндриянов, Виктор Иванович и др. _bЕ 56 |
||
| 245 | 1 | 0 |
_aСамотният цар в Кремъл _bБорис Елцин и неговите екипи : Кн. 1 - _cВиктор Иванович Андриянов; съавт. Александър Викентиевич Черняк; прев. от рус. Буря Тоушек. _nКн. 1 |
| 257 | _aRUS | ||
| 260 |
_аСофия _bИнвестпрес _c1999 |
||
| 300 | _c20 см | ||
| 380 | _a3 | ||
| 500 | _aОриг. загл. Одинокий царь в Кремле. | ||
| 600 | 1 | 4 |
_aЕлцин, Борис Николаевич _9266340 |
| 650 | 4 |
_aРусия - политика _9245505 |
|
| 653 | _aвътрешна политика | ||
| 653 | _aРусия | ||
| 653 | _aКремъл | ||
| 760 | 1 |
_aАндриянов, Виктор Иванович _d1999 _h640 с. _nБиблиогр. с. 636-637. _tКн. 1 |
|
| 852 | _aЦб 202752 | ||
| 856 | 4 |
_qpdf _u |
|
| 856 | 4 |
_qpdf _u |
|
| 942 |
_cKNG _n0 _01 |
||
| 944 |
_aCR _c15.01.2003 _kДиана_Димитрова |
||
| 944 |
_aED _c06.02.2012 _k |
||
| 999 |
_c26996 _d26996 |
||